00885nam a2200229 a 450000100100000000500170001000800410002702000180006804000250008608200200011110000290013124501990016026000520035930000380041165000300044965000330047965000160051265000220052865000250055065000430057570000370061800004323520201002040739.0140226s2013 dr a r 000 0 spa d a9789993424888 aDO-SdBNPbspacBNPHU a363.7396bH557c1 aHernández, Ana Jesús10aContaminación de suelos y sus efectos en la salud de ecosistemas y salud humana :btalleres para la investigación con estudiantes /cAna Jesús Hernández, Ma. Jesús Gutiérrez Ginés. aSanto Domingo :bCentro Cultural Poveda,c2013. a136 p. :bil. ;c22 cm. +eCD-ROM 4aContaminación de suelos 4aSuelosxAspectos ambientales 4aEcosistemas 4aEcología humana 4aEcología de suelos 4aHombresxInfluencia del medio ambiente1 aGutiérrez Ginés, Ma. Jesús